000 01358cam a2200313 a 4500
001 3978584
005 20230414124249.0
008 950331s1995 maua b 001 0 eng
010 _a 95015970
020 _a0201633671 (alk. paper)
040 _aDLC
_cDLC
_dDLC
050 0 0 _aTS156
_b.F68 1995
082 0 0 _a658.5
_220
_bFOW
100 1 _aFowlkes, William Y.,
_d1954-
_9111910
245 1 0 _aEngineering methods for robust product design :
_busing Taguchi methods in technology and product development /
_cWilliam Y. Fowlkes, Clyde M. Creveling ; with WinRobust software written by John Derimiggio ; [foreword by George M.C. Fisher].
260 _aReading, Mass. :
_bAddison-Wesley Pub. Co.,
_cc1995.
300 _axxiv, 403 p. :
_bill. ;
_c25 cm. +
_e1 computer disk (3 1/2 in.).
440 0 _aEngineering process improvement series
_999573
504 _aIncludes bibliographical references (p. 389-393) and index.
630 0 0 _aWinRobust.
_9111911
650 0 _aTaguchi methods (Quality control)
_944765
650 0 _aIndustrial design.
650 0 _aNew products.
650 0 _aProduct design.
700 1 _aCreveling, Clyde M.,
_d1956-
_9111912
906 _a7
_bcbu
_corignew
_d1
_eocip
_f19
_gy-gencatlg
942 _2ddc
_cBK
999 _c594511
_d594511